000 00385nam a2200145Ia 4500
008 220217s9999||||xx |||||||||||||| ||und||
020 _a9789385039232
082 _a620.004 BHA
100 _aBhatt N.D and Panchal V.M
245 0 _aMachine drawing
250 _a50
260 _aCharotar publishing house
_bAnand
_c2016
300 _aXVI, 528p.
_b213
650 _aCAD/CAM
_95854
999 _c187158
_d187158